000 01002nam a2200301 c 4500
003 BLK
005 20180422115230.0
008 180411b bul|||||r ||||||| ||bul||
010 _aKNG00191465000
040 _aBLK
041 _aBUL
_cBUL
080 _aБългарска литература
_b821.163.2
_x
_z821.163.2
100 1 _aДанчев, Пенчо
_eпърви автор
_9379694
139 _aДанчев, Пенчо
_bД 22
245 1 0 _aПисатели и време
_bЛит.-крит. статии
_cПенчо Данчев.
257 _aBGR
260 София
_bБълг. писател
_c1962
300 _a200 с.
_c25 см
380 _a82
650 4 _aЛитературна критика
_9259009
653 _aписатели
653 _aлитературна критика
852 _aЦб 24673
856 4 _qpdf
_u
856 4 _qpdf
_u
942 _cKNG
_n0
944 _aCR
_c04.10.2016
_kХристина_Везирева
944 _aED
_c04.10.2016
_kХристина_Везирева
999 _c182540
_d182540